Statistics for Top 10 COLDEST Countries

Click here to take the quiz!

General Stats

  • This quiz has been taken 450 times
    (418 since last reset)
  • The average score is 8 of 10

Answer Stats

HintAnswer% Correct
Russia
99%
Canada
98%
Sweden
96%
Norway
96%
Finland
95%
Iceland
89%
Mongolia
81%
Estonia
79%
Kazakhstan
59%
Belarus
57%

Score Distribution

Percentile by Number Answered

Percent of People with Each Score

Your Score History

You have not taken this quiz since the last reset